<?xml version="1.0" encoding="UTF-8"?><?xml-stylesheet type="text/xsl" href="static/style.xsl"?><OAI-PMH xmlns="http://www.openarchives.org/OAI/2.0/" xmlns:xsi="http://www.w3.org/2001/XMLSchema-instance" xsi:schemaLocation="http://www.openarchives.org/OAI/2.0/ http://www.openarchives.org/OAI/2.0/OAI-PMH.xsd"><responseDate>2026-04-13T02:38:32Z</responseDate><request verb="GetRecord" identifier="oai:www.recercat.cat:2445/189205" metadataPrefix="marc">https://recercat.cat/oai/request</request><GetRecord><record><header><identifier>oai:recercat.cat:2445/189205</identifier><datestamp>2025-12-05T09:34:32Z</datestamp><setSpec>com_2072_1057</setSpec><setSpec>col_2072_478777</setSpec><setSpec>col_2072_478799</setSpec><setSpec>col_2072_478917</setSpec></header><metadata><record xmlns="http://www.loc.gov/MARC21/slim" xmlns:dcterms="http://purl.org/dc/terms/" xmlns:xsi="http://www.w3.org/2001/XMLSchema-instance" xmlns:doc="http://www.lyncode.com/xoai" xsi:schemaLocation="http://www.loc.gov/MARC21/slim http://www.loc.gov/standards/marcxml/schema/MARC21slim.xsd">
   <leader>00925njm 22002777a 4500</leader>
   <datafield ind2=" " ind1=" " tag="042">
      <subfield code="a">dc</subfield>
   </datafield>
   <datafield ind2=" " ind1=" " tag="720">
      <subfield code="a">Zaouali, Mohamed Amine</subfield>
      <subfield code="e">author</subfield>
   </datafield>
   <datafield ind2=" " ind1=" " tag="720">
      <subfield code="a">Ben Mosbah, Ismail</subfield>
      <subfield code="e">author</subfield>
   </datafield>
   <datafield ind2=" " ind1=" " tag="720">
      <subfield code="a">Boncompagni, Eleonora</subfield>
      <subfield code="e">author</subfield>
   </datafield>
   <datafield ind2=" " ind1=" " tag="720">
      <subfield code="a">Ben Abdennebi, Hassen</subfield>
      <subfield code="e">author</subfield>
   </datafield>
   <datafield ind2=" " ind1=" " tag="720">
      <subfield code="a">Mitjavila Cors, Maria Teresa</subfield>
      <subfield code="e">author</subfield>
   </datafield>
   <datafield ind2=" " ind1=" " tag="720">
      <subfield code="a">Bartrons Bach, Ramon</subfield>
      <subfield code="e">author</subfield>
   </datafield>
   <datafield ind2=" " ind1=" " tag="720">
      <subfield code="a">Freitas, Isabel</subfield>
      <subfield code="e">author</subfield>
   </datafield>
   <datafield ind2=" " ind1=" " tag="720">
      <subfield code="a">Rimola Castellá, Antonio</subfield>
      <subfield code="e">author</subfield>
   </datafield>
   <datafield ind2=" " ind1=" " tag="720">
      <subfield code="a">Roselló Catafau, Juan</subfield>
      <subfield code="e">author</subfield>
   </datafield>
   <datafield ind2=" " ind1=" " tag="260">
      <subfield code="c">2022-09-21T16:50:37Z</subfield>
   </datafield>
   <datafield ind2=" " ind1=" " tag="260">
      <subfield code="c">2022-09-21T16:50:37Z</subfield>
   </datafield>
   <datafield ind2=" " ind1=" " tag="260">
      <subfield code="c">2010</subfield>
   </datafield>
   <datafield ind2=" " ind1=" " tag="260">
      <subfield code="c">2022-09-21T16:50:38Z</subfield>
   </datafield>
   <datafield ind2=" " ind1=" " tag="520">
      <subfield code="a">AIM: To examine the relevance of hypoxia inducible factor (HIF-1) and nitric oxide (NO) on the preservation of fatty liver against cold ischemia-reperfusion injury (IRI). METHODS: We used an isolated perfused rat liver model and we evaluated HIF-1α in steatotic and non-steatotic livers preserved for 24 h at 4°C in University of Wisconsin and IGL-1 solutions, and then subjected to 2 h of normothermic reperfusion. After normoxic reperfusion, liver enzymes, bile production, bromosulfophthalein clearance, as well as HIF-1α and NO [endothelial NO synthase (eNOS) activity and nitrites/nitrates] were also measured. Other factors associated with the higher susceptibility of steatotic livers to IRI, such as mitochondrial damage and vascular resistance were evaluated. RESULTS: A significant increase in HIF-1α was found in steatotic and non-steatotic livers preserved in IGL-1 after cold storage. Livers preserved in IGL-1 showed a significant attenuation of liver injury and improvement in liver function parameters. These benefits were enhanced by the addition of trimetazidine (an anti-ischemic drug), which induces NO and eNOS activation, to IGL-1 solution. In normoxic reperfusion, the presence of NO favors HIF-1α accumulation, promoting also the activation of other cytoprotective genes, such as heme-oxygenase-1. CONCLUSION: We found evidence for the role of the HIF-1α/NO system in fatty liver preservation, especially when IGL-1 solution is used.</subfield>
   </datafield>
   <datafield tag="653" ind2=" " ind1=" ">
      <subfield code="a">Malalties del fetge</subfield>
   </datafield>
   <datafield tag="653" ind2=" " ind1=" ">
      <subfield code="a">Òxid nítric</subfield>
   </datafield>
   <datafield tag="653" ind2=" " ind1=" ">
      <subfield code="a">Oxigen en l'organisme</subfield>
   </datafield>
   <datafield tag="653" ind2=" " ind1=" ">
      <subfield code="a">Conservació d'òrgans</subfield>
   </datafield>
   <datafield tag="653" ind2=" " ind1=" ">
      <subfield code="a">Liver diseases</subfield>
   </datafield>
   <datafield tag="653" ind2=" " ind1=" ">
      <subfield code="a">Nitric oxide</subfield>
   </datafield>
   <datafield tag="653" ind2=" " ind1=" ">
      <subfield code="a">Oxygen in the body</subfield>
   </datafield>
   <datafield tag="653" ind2=" " ind1=" ">
      <subfield code="a">Preservation of organs</subfield>
   </datafield>
   <datafield ind2="0" ind1="0" tag="245">
      <subfield code="a">Hypoxia inducible factor-1α accumulation in steatotic liver preservation: role of nitric oxide</subfield>
   </datafield>
</record></metadata></record></GetRecord></OAI-PMH>